| 000 | 00482nam a2200169Ia 4500 | ||
|---|---|---|---|
| 999 |
_c5830 _d5830 |
||
| 003 | OSt | ||
| 005 | 20200117151058.0 | ||
| 008 | 190216s9999||||xx |||||||||||||| ||und|| | ||
| 020 | _a8173193169 | ||
| 040 | _coclc | ||
| 082 |
_a658.8 _bGOV/M |
||
| 100 |
_aGovindarajan, M _91256 |
||
| 245 | 0 |
_aModern Marketing Management / _cM Govindarajan |
|
| 260 |
_bNarosa Pubs House, _c1999. _aNew Delhi: |
||
| 300 | _a350p | ||
| 942 |
_cBK _2ddc _h658.8 _iGOV/M _k658.8 _mGOV/M |
||